| 000 | 00943nam a2200289 a 4500 | ||
|---|---|---|---|
| 999 |
_c7874 _d7874 |
||
| 001 | 7874 | ||
| 003 | BD-JhCC | ||
| 005 | 20180215091000.0 | ||
| 008 | 180215s1982 cau b 000 0 eng d | ||
| 020 | _a0803907648 | ||
| 035 | _a(BD-JhCC)7874 | ||
| 040 |
_aBD-JhCC _cDLC _dBD-JhCC |
||
| 041 | _aeng | ||
| 050 | 0 | 0 |
_aHE8700.7.A8 _bF69 1982 |
| 082 | 0 | 0 |
_a384.55/44 _219 _bFRA 1982 |
| 100 | 1 |
_aFrank, Ronald Edward, _d1933- |
|
| 245 | 1 | 0 |
_aAudiences for public television / _cRonald E. Frank and Marshall G. Greenberg. |
| 260 |
_aBeverly Hills, Calif. : _bSage Publications, _cc1982. |
||
| 300 |
_a230 p. ; _c23 cm. |
||
| 504 | _aBibliography: p. 229-230. | ||
| 650 | 0 |
_aTelevision viewers _zUnited States. |
|
| 650 | 0 |
_aPublic television _zUnited States. |
|
| 700 | 1 |
_aGreenberg, Marshall G., _d1935- |
|
| 856 | 4 | 2 |
_3Publisher description _uhttp://www.loc.gov/catdir/enhancements/fy0654/82016754-d.html |
| 942 |
_2ddc _cBK |
||